Swedish cities in Jämtland - Statistics

General Stats
  • This quiz has been taken 17 times
  • The average score is 16 of 50
Answer Stats
Hint Answer % Correct
49,806 Östersund
100%
2,768 Åre
91%
1,953 Krokom
91%
1,572 Ås
82%
1,559 Bräcke
73%
3,916 Brunflo
73%
757 Gällö
55%
1,539 Järpen
55%
1,043 Hammerdal
45%
1,117 Lit
45%
2,543 Sveg
45%
916 Svenstavik
45%
637 Duved
36%
781 Mörsil
36%
402 Pilgrimstad
36%
116 Storlien
36%
280 Åsarna
27%
745 Dvärsätt
27%
511 Föllinge
27%
956 Funäsdalen
27%
531 Hackås
27%
1,116 Hammarstrand
27%
837 Hede
27%
292 Klövsjö
27%
101 Lofsdalen
27%
986 Nälden
27%
441 Ope
27%
289 Orrviken
27%
599 Stugun
27%
111 Tännäs
27%
52 Tänndalen
27%
573 Undersåker
27%
549 Vemdalen
27%
534 Ytterhogdal
27%
474 Aspås
18%
435 Kälarne
18%
458 Marieby
18%
630 Björnänge
9%
66 Bruksvallarna
9%
241 Fåker
9%
234 Hara
9%
403 Lillhärdal
9%
109 Ljungdalen
9%
354 Los
9%
278 Lunne
9%
238 Optand
9%
213 Rätan
9%
272 Trångsviken
9%
259 Vaplan
9%
203 Ytterån
9%
No matching quizzes found
Score Distribution
Percent of People with Each Score
Percentile by Number Answered
Your Score History
You have not taken this quiz